000 01679nam a2200481 i 4500
001 1931
003 KOSZ 005
005 20210301124350.0
008 030509s1975 pl a f f |000 0 pol
015 _aUWD 1975/2680
035 _a991020743259705066
035 _a(PL-WaBN)b15621595-48omnis_nlop
035 _ab15621595
035 _a(OCoLC)749836396
035 _a(PL)b0000001562159
035 _a(EXLNZ-48OMNIS_NETWORK)9910258166605606
040 _aWA N
_cWA N
_dKOSZ 005/HR
041 0 _apol
046 _k1975
080 _a669.017
080 _a621.7
080 _a621.9
245 0 0 _aTechnologia metali i metaloznawstwo :
_bpodręcznik dla studentów szkół wyższych kształcących nauczycieli wychowania technicznego i ogólnozawodowego /
_cL. Uzarowicz [et al.].
260 _aWarszawa :
_bWydawnictwa Naukowo-Techniczne,
_c1975.
300 _a351, [1] s. :
_bil., tab., wykr. ;
_c24 cm.
336 _aTekst
_btxt
_2rdacontent
337 _aBez urządzenia pośredniczącego
_bn
_2rdamedia
338 _aWolumin
_bnc
_2rdacarrier
380 _aKsiążki
380 _aPublikacje dydaktyczne
385 _mPoziom nauczania
_aSzkoły wyższe
388 _a1901-2000
388 _a1945-1989
650 7 _aMetaloznawstwo
_2DBN
650 7 _aObróbka metali
_2DBN
655 7 _aPodręczniki akademickie
_2DBN
658 _aInżynieria i technika
700 1 _aUzarowicz, Ludwik
_d(1886-1975)
_eAutor
710 2 _aWydawnictwa Naukowo-Techniczne
_4pbl
856 _uhttp://koha.tu.koszalin.pl/cgi-bin/koha/opac-detail.pl?biblionumber=15931
_yKatalog online BPK
942 _2UKD
_cKS
999 _c15931
_d15931